Ordenamento Jurd̕ico Penal (Tributr̀io) Reflexe̳s Crt̕icas /

Bibliographic Details
Main Author: Milenkovich Caixeiro, Bruno
Format: eBook
Language:Portuguese
Published: San Pablo: Letras Jurídicas Editora, 2011
Subjects:
Online Access:Acceso restringido

MARC

LEADER 00000nam a22000007a 4500
005 20210105011622.0
007 cr|||| ||||
008 210105s2011 br |||||s|||| 00||0 por d
020 |a 978-85-89917-54-4 
035 |a 32500 
040 |a vLex 
090 |c 11058  |d 11058 
100 1 |a Milenkovich Caixeiro, Bruno 
245 1 0 |a Ordenamento Jurd̕ico Penal (Tributr̀io)  |h [Recurso electrn̤ico] :  |b Reflexe̳s Crt̕icas /  |c Bruno Milenkovich Caixeiro 
256 |a Servicio en ln̕ea 
260 |a San Pablo:  |b Letras Jurídicas Editora,  |c 2011 
300 |a 1 recurso electrn̤ico 
500 |a Este livro, como consignado no seu tt̕ulo, apresenta estudos sobre o Ordenamento Jurd̕ico Penal, com enfoque na r̀ea tributr̀ia. Sô reflexe̳s crt̕icas desenvolvidas pelo autor a partir das investigaė̳s para realizar a dissertaȯ̂ de mestrado e que evidenciam as categorias presentes na linha de pesquisa do Programa de Ps̤-Graduaȯ̂ em Direito do UNIVEM, qual seja, "A Construȯ̂ do Saber Jurd̕ico". A partir da admissô de uma narraȯ̂ do pensamento histr̤ico jurd̕ico, a concepȯ̂ de justiȧ contida no ordenamento jurd̕ico penal atual, sobretudo pelo ḿbito do direito penal tributr̀io, quando da previsô de penalidades privativas de liberdade e restritivas de direito do contribuinte que tenha incorrido numa prt̀ica delituosa. Com inc̕io da anl̀ise na era grega antiga, a proposta de trabalho se desenvolve, por meio da narrativa de historiografias, at ̌o momento contemporńeo, de transiȯ̂ entre as eras moderna e a ps̤-moderna, acenando para perspectivas que podem orientar a formaȯ̂ de um novo paradigma de direito, em especf̕ico pelo atendimento do anseio social de justiȧ, isto ,̌ da proposta de pesquisa sô obtidas reflexe̳s que podem orientar uma aplicaȯ̂ moderada das formas de direito contemporńeas. 
506 1 |a Disponible solo en los productos indicados  |d vLex Global  |d vLex Global (Academic Edition, excluding Law Schools)  |d vLex Global (U.S. Academic Edition, Law Schools)  |d vLex Global (U.S. Academic Edition, excluding Law Schools)  |d vLex Global (Academic Edition, Law Schools) 
650 0 4 |a Derecho Penal  |z Brasil 
650 0 4 |a Derecho Tributario  |z Brasil 
740 0 |a vLex Libros (Servicio en ln̕ea) 
856 4 0 |u http://vlex.com/source/ordenamento-juridico-penal-tributario-reflex-es-criticas-32500  |z Acceso restringido 
942 |c BOOK 
999 0 |a Criminal Law 
999 0 |a Tax Law